Translation 2. : Internal circulation. /

Đã lưu trong:
書目詳細資料
格式: 圖書
語言:English
出版: ĐHĐN : ĐHNN., 2018.
主題:
標簽: 添加標簽
沒有標簽, 成為第一個標記此記錄!
Thư viện lưu trữ: Mạng thư viện Đại học Đà Nẵng
LEADER 00883nam a22002531a 4500
001 000035939
003 12231
005 20191003141759.0
008 160321s2018 000
041 |a eng 
082 |a 428.1  |b TR-S 
245 0 |a Translation 2. :  |b Internal circulation. /  |c Division of translation and interpretation. 
260 |a ĐHĐN :  |b ĐHNN.,  |c 2018. 
300 |a 99tr . : ;  |c 30cm. 
650 |a Translation 3,  |a Biên dịch 3  |a Internal circulation 
OWN |a LNN 
AVA |a UDN50  |b LNN  |c English  |e available  |t Error 5001 Not defined in file expand_doc_bib_avail.  |f 1  |g 0  |h N  |i 0  |j AN 
999 |a From the UDN01 
AVA |a UDN50  |b LNN  |c English  |e available  |t Error 5001 Not defined in file expand_doc_bib_avail.  |f 1  |g 0  |h N  |i 0  |j AN 
TYP |a Monograph 
980 |a Mạng thư viện Đại học Đà Nẵng